[Event "ICS rated blitz match"]
[Site "204.178.125.65"]
[Date "2000.07.25"]
[Round "?"]
[White "Hossa"]
[Black "QueenMaxima"]
[Result "0-1"]
[WhiteElo "2489"]
[BlackElo "2558"]
[PlyCount "97"]
[EventDate "2000.??.??"]

1. e4 c5 2. Nf3 e6 3. d4 cxd4 4. Nxd4 Nc6 5. Nc3 Qc7 6. Ndb5 Qb8 7. Be3 a6 8.
Nd4 Nf6 9. a3 Bd6 10. Nf3 Bf4 11. Bxf4 Qxf4 12. Bd3 b6 13. Qd2 Qxd2+ 14. Nxd2
b5 15. Bxb5 axb5 16. Nxb5 Ra5 17. Nd6+ Ke7 18. N2c4 Rc5 19. b4 Rxc4 20. Nxc4
Nxe4 21. f3 Ba6 22. Ne3 Nc3 23. Kd2 Na4 24. c4 Nd4 25. Kd3 e5 26. Ra2 Rc8 27.
h4 Ke6 28. Rc1 Nb6 29. a4 d5 30. b5 dxc4+ 31. Kc3 Bb7 32. a5 Ra8 33. Rb1 Kd6
34. a6 Kc5 35. Ra5 Bc8 36. h5 Bd7 37. Rba1 Bxb5 38. h6 gxh6 39. R5a3 Nb3 40.
Rh1 Rd8 41. Rd1 Nd4 42. Kb2 Ra8 43. Ng4 Na4+ 44. Kb1 Kb4 45. Nxe5 Nc6 46. Re3
Nxe5 47. Rxe5 Nc3+ 48. Kc1 Nxd1 49. Kxd1 {Hossa resigns} 0-1

[Event "ICS rated blitz match"]
[Site "204.178.125.65"]
[Date "2000.07.25"]
[Round "?"]
[White "QueenMaxima"]
[Black "Hossa"]
[Result "1-0"]
[WhiteElo "2571"]
[BlackElo "2476"]
[PlyCount "107"]
[EventDate "2000.??.??"]

1. d4 Nf6 2. Bf4 g6 3. Nf3 d6 4. e3 h6 5. Bc4 Nh5 6. O-O Nxf4 7. exf4 Bg7 8.
Nc3 c6 9. h3 d5 10. Bb3 b6 11. Re1 a5 12. Rc1 O-O 13. Ne5 e6 14. Kh1 Ra7 15. a3
Ba6 16. Ba4 b5 17. Bb3 Bc8 18. a4 b4 19. Ne2 Rc7 20. c3 bxc3 21. Rxc3 Ba6 22.
Rc5 Qh4 23. Rxa5 Qxf2 24. Bc2 Bxe2 25. Qd2 Rb7 26. Rxe2 Qf1+ 27. Kh2 Rxb2 28.
Nd3 Bxd4 29. Nxb2 Qg1+ 30. Kg3 Bxb2 31. Ra8 Nd7 32. Rxf8+ Nxf8 33. Qe3 Qxe3+
34. Rxe3 g5 35. fxg5 hxg5 36. Rb3 Be5+ 37. Kg4 Bf4 38. g3 Bd2 39. Rd3 Bc1 40.
a5 Nd7 41. a6 Ne5+ 42. Kh5 Nd7 43. Rf3 Kg7 44. h4 gxh4 45. a7 Nb6 46. gxh4 f5
47. Rb3 Nc8 48. Rb7+ Kf6 49. a8=Q Ne7 50. Qh8+ Kf7 51. Bxf5 e5 52. Qh7+ Kf6 53.
Bg6 Nxg6 54. Qf7# {Hossa checkmated} 1-0

[Event "ICS rated standard match"]
[Site "204.178.125.65"]
[Date "2000.07.25"]
[Round "?"]
[White "MM3Quick"]
[Black "Hossa"]
[Result "1/2-1/2"]
[WhiteElo "2237"]
[BlackElo "2244"]
[PlyCount "111"]
[EventDate "2000.??.??"]

1. c3 c5 2. d3 d5 3. Qc2 g6 4. e4 Bg7 5. Nf3 Nf6 6. Be2 O-O 7. O-O c4 8. Nbd2
cxd3 9. Bxd3 dxe4 10. Nxe4 Nbd7 11. Bg5 Nxe4 12. Bxe4 Nc5 13. Rad1 Qc7 14. Rfe1
Re8 15. Nd4 Be5 16. h3 Bd7 17. Bd5 Bh2+ 18. Kh1 Bf4 19. Bxf4 Qxf4 20. Nb3 Ba4
21. Qd2 Qxd2 22. Rxd2 Bxb3 23. Bxb3 Kf8 24. Red1 Nxb3 25. axb3 e6 26. b4 Rab8
27. b5 e5 28. Kh2 e4 29. Ra1 Re5 30. Rxa7 Rxb5 31. g4 h5 32. Kg3 hxg4 33. hxg4
Kg8 34. Kf4 Re8 35. Ra4 Rbe5 36. Ke3 R5e7 37. Rd6 Kh7 38. Rb4 Kg8 39. Rdb6 Rb8
40. Rxe4 Rbe8 41. Rbb4 Rxe4+ 42. Rxe4 Kf8 43. Rxe8+ Kxe8 44. c4 Kd7 45. g5 Ke7
46. Ke4 Kd6 47. b4 Ke6 48. f4 Kd7 49. Kd5 Kc7 50. c5 Kd7 51. b5 Ke7 52. Ke5 Ke8
53. Kf6 Kf8 54. c6 Ke8 55. cxb7 Kd7 56. b8=Q {Hossa stalemated} 1/2-1/2

[Event "ICS Rated blitz match"]
[Site "204.178.125.65"]
[Date "2000.07.25"]
[Round "?"]
[White "Hossa"]
[Black "Tinker"]
[Result "1-0"]
[WhiteElo "2464"]
[BlackElo "2542"]
[PlyCount "117"]
[EventDate "2000.??.??"]

1. e4 d5 2. d3 dxe4 3. dxe4 Qxd1+ 4. Kxd1 e5 5. Ke1 Nc6 6. Nf3 Nf6 7. Nc3 Bb4
8. Bd2 O-O 9. Bb5 Nd4 10. Bd3 Nxf3+ 11. gxf3 Re8 12. Nb5 Bxd2+ 13. Kxd2 Re7 14.
Rad1 Be6 15. Rhg1 Rd8 16. Rg5 Bc4 17. Nxa7 h6 18. Rgg1 Bxa2 19. b3 Red7 20. Kc3
Ra8 21. f4 Rxa7 22. fxe5 Nh5 23. e6 fxe6 24. Bc4 Re7 25. Rd8+ Kf7 26. h4 c6 27.
e5 b5 28. Bf1 Nf4 29. Rg4 Nd5+ 30. Kb2 b4 31. Bd3 Reb7 32. Bg6+ Ke7 33. Rg8 Kd7
34. Rxg7+ Kc8 35. Rg8+ Kc7 36. Bf7 c5 37. Bxe6 Ne7 38. Rh8 h5 39. Rxh5 Rb6 40.
Bf5 Rc6 41. Rg7 Kb6 42. Rhh7 Rcc7 43. Bd3 Kc6 44. Bc4 Kb6 45. f4 Kc6 46. h5 Kb6
47. Rh6+ Kb7 48. Rd6 Bxb3 49. cxb3 Ra8 50. h6 Rh8 51. h7 Nc8 52. Ba6+ Kb8 53.
Rdd7 Rxd7 54. Rxd7 Nb6 55. Rg7 Nc8 56. Bxc8 Rxh7 57. Rxh7 Kxc8 58. f5 Kd8 59.
e6 {Tinker resigns} 1-0

[Event "ICS rated standard match"]
[Site "204.178.125.65"]
[Date "2000.07.25"]
[Round "?"]
[White "Hossa"]
[Black "Tinker"]
[Result "0-1"]
[WhiteElo "2244"]
[BlackElo "2256"]
[PlyCount "178"]
[EventDate "2000.??.??"]

1. e4 d5 2. d3 dxe4 3. dxe4 Qxd1+ 4. Kxd1 Nc6 5. Bd3 Bg4+ 6. f3 Bd7 7. Ne2
O-O-O 8. Be3 Nb4 9. Nbc3 e5 10. a3 Nxd3 11. cxd3 a6 12. Kc2 Nf6 13. Bg5 h6 14.
Bxf6 gxf6 15. f4 Rg8 16. g3 exf4 17. Nxf4 f5 18. e5 Bc5 19. Nfd5 Rge8 20. Rhe1
Bd4 21. Nf6 Rxe5 22. Rxe5 Bxe5 23. Nxd7 Kxd7 24. Rf1 Ke6 25. b4 Rd6 26. Kd2 Bd4
27. Ne2 Bb6 28. Nc3 Ke5 29. Na4 Bd4 30. Nc5 b5 31. Nb7 Rc6 32. Nd8 Rf6 33. Rc1
Kd6 34. Nb7+ Kd7 35. Rf1 Kc6 36. Na5+ Kd6 37. Nb3 Bb2 38. Nc5 Kd5 39. Nd7 Rd6
40. Nc5 Ke5 41. Rb1 Bd4 42. Nb3 Re6 43. Rc1 c6 44. Re1+ Kd5 45. Nxd4 Rxe1 46.
Kxe1 Kxd4 47. Kd2 c5 48. bxc5 Kxc5 49. Kc3 a5 50. d4+ Kd5 51. Kd3 h5 52. h3 f6
53. h4 a4 54. Kc3 Ke4 55. Kb4 Kxd4 56. Kxb5 Ke4 57. Kxa4 Kf3 58. Kb4 Kxg3 59.
a4 f4 60. a5 f3 61. a6 f2 62. a7 f1=Q 63. a8=Q Qe1+ 64. Kc5 Qe3+ 65. Kd6 Kxh4
66. Kd7 f5 67. Qh1+ Kg4 68. Qg2+ Qg3 69. Qd5 h4 70. Qd4+ f4 71. Qe4 h3 72. Qe6+
Kf3 73. Qd5+ Ke2 74. Qa2+ Kf1 75. Qc4+ Kg2 76. Qe2+ Qf2 77. Qg4+ Kh2 78. Kc8 f3
79. Qe4 Kg2 80. Kd7 h2 81. Kc6 h1=Q 82. Qf4 Qc2+ 83. Kd6 Qh2 84. Qxh2+ Kxh2 85.
Ke6 f2 86. Kf6 f1=Q+ 87. Kg7 Qc7+ 88. Kh6 Qff4+ 89. Kg6 Qcf7# {Hossa checkmated
} 0-1

[Event "ICS Rated blitz match"]
[Site "204.178.125.65"]
[Date "2000.07.25"]
[Round "?"]
[White "Hossa"]
[Black "AradoAr234Blitz"]
[Result "1-0"]
[WhiteElo "2484"]
[BlackElo "2309"]
[PlyCount "55"]
[EventDate "2000.??.??"]

1. e4 c5 2. Nf3 e6 3. d4 cxd4 4. Nxd4 a6 5. Bd3 Qc7 6. Nc3 b5 7. O-O h5 8. a4
b4 9. Nce2 Bd6 10. f4 Bb7 11. Nb3 Nc6 12. Be3 Nf6 13. a5 Ng4 14. Bb6 Qb8 15. h3
Nh6 16. e5 Be7 17. Ned4 g6 18. Nxc6 Bxc6 19. Qe2 Nf5 20. Rfd1 h4 21. Bxa6 Ng3
22. Qc4 Rh5 23. Bb5 Bd5 24. Rxd5 exd5 25. Qxd5 Qc8 26. Bxd7+ Qxd7 27. Qxa8+ Bd8
28. Nd4 1-0

[Event "ICS rated blitz match"]
[Site "204.178.125.65"]
[Date "2000.07.25"]
[Round "?"]
[White "PostModernist"]
[Black "Hossa"]
[Result "1-0"]
[WhiteElo "2677"]
[BlackElo "2493"]
[PlyCount "87"]
[EventDate "2000.??.??"]

1. d4 Nf6 2. c4 c5 3. d5 g6 4. Nf3 e6 5. Nc3 exd5 6. cxd5 Bg7 7. Bg5 d6 8. Nd2
h6 9. Bh4 O-O 10. e3 g5 11. Bg3 Qe7 12. Nc4 Rd8 13. h4 gxh4 14. Bxh4 Na6 15. g4
Nc7 16. g5 hxg5 17. Bxg5 Rb8 18. Bd3 Kf8 19. Rh7 b5 20. Na5 Bd7 21. Qf3 Qe5 22.
Bf4 Qe7 23. Qg3 Bg4 24. Nc6 Nxh7 25. Nxe7 Kxe7 26. Bxh7 Bxc3+ 27. bxc3 Nxd5 28.
Bg5+ f6 29. Qxg4 Nxc3 30. Bh4 Rh8 31. Qg7+ Ke6 32. Qxf6+ Kd7 33. Bg3 Kc6 34.
Qxd6+ Kb7 35. Rc1 Rbc8 36. Qd7+ Kb6 37. Rxc3 b4 38. a4 a6 39. a5+ Kxa5 40. Bc7+
Rxc7 41. Qxc7+ Kb5 42. Rxc5+ Ka4 43. Ra5+ Kb3 44. Qc2# {Hossa checkmated} 1-0

[Event "ICS rated blitz match"]
[Site "204.178.125.65"]
[Date "2000.07.25"]
[Round "?"]
[White "Hossa"]
[Black "PostModernist"]
[Result "0-1"]
[WhiteElo "2485"]
[BlackElo "2685"]
[PlyCount "114"]
[EventDate "2000.??.??"]

1. c4 Nf6 2. Nc3 c5 3. g3 d5 4. cxd5 Nxd5 5. Bg2 Nc7 6. Nf3 Nc6 7. d3 e5 8. O-O
Be7 9. b3 O-O 10. a3 Be6 11. Rb1 b6 12. Qc2 Qd7 13. Ne4 Nb5 14. Neg5 Bxg5 15.
Nxg5 Ncd4 16. Qb2 Nc3 17. e3 Nde2+ 18. Kh1 Bd5 19. e4 Bb7 20. Qc2 Ba6 21. Ra1
Bxd3 22. Qb2 f6 23. Bd2 fxg5 24. Bxc3 Nxc3 25. Qxc3 Bxf1 26. Rxf1 Qd4 27. Qc2
g4 28. f4 gxf3 29. Bxf3 Rad8 30. Be2 Rxf1+ 31. Bxf1 Kh8 32. Bc4 Qa1+ 33. Kg2
Qxa3 34. Qf2 a5 35. Qf7 Qc1 36. Qe7 Qd2+ 37. Kf3 Qd1+ 38. Ke3 h5 39. Bd5 Qe1+
40. Kd3 Qf1+ 41. Kd2 Rf8 42. Qxf8+ Qxf8 43. Ke2 g5 44. h3 Qc8 45. h4 Qg4+ 46.
Kf2 gxh4 47. gxh4 Qxh4+ 48. Ke2 Qg4+ 49. Kf2 h4 50. Bc4 Qg3+ 51. Ke2 h3 52. b4
h2 53. Kd2 h1=Q 54. Bd3 axb4 55. Kc2 Qhg2+ 56. Be2 Qxe2+ 57. Kb1 Qge1# {
Hossa checkmated} 0-1

[Event "ICS rated blitz match"]
[Site "204.178.125.65"]
[Date "2000.07.26"]
[Round "?"]
[White "Tinker"]
[Black "Hossa"]
[Result "1/2-1/2"]
[WhiteElo "2512"]
[BlackElo "2477"]
[PlyCount "198"]
[EventDate "2000.??.??"]

1. e4 d5 2. e5 Nc6 3. d4 Bf5 4. Be3 e6 5. Nf3 Nge7 6. Nc3 Ng6 7. Bb5 a6 8.
Bxc6+ bxc6 9. O-O Rb8 10. Qe2 Rxb2 11. Qxa6 Ne7 12. Ne1 Qc8 13. Qe2 Qb8 14. Nd3
Bxd3 15. Qxd3 Nf5 16. Rfb1 Rb6 17. Bg5 Qa7 18. a4 Be7 19. Bxe7 Kxe7 20. Rd1 Rb4
21. Ne2 Rxa4 22. Qc3 Ra8 23. Rxa4 Qxa4 24. Qc5+ Kd7 25. Qc3 Qa3 26. Qe1 Qb2 27.
c3 Ra2 28. Nc1 Ra1 29. Kf1 Qc2 30. Kg1 Ke8 31. Kh1 Ra3 32. Ne2 Ra2 33. Nc1 Rb2
34. Nd3 Rb3 35. Nc5 Rxc3 36. Rd2 Rxc5 37. dxc5 Qxc5 38. Ra2 Kd7 39. Ra8 Qc2 40.
Rf8 Nh6 41. f3 c5 42. h3 c4 43. g4 Kc6 44. g5 Nf5 45. Rxf7 Qb2 46. g6 hxg6 47.
Qa5 Qc1+ 48. Kg2 Nh4+ 49. Kf2 Qb2+ 50. Ke1 Qxe5+ 51. Kd2 Qd4+ 52. Ke2 Qd3+ 53.
Kf2 Qc2+ 54. Ke1 Ng2+ 55. Kf1 Ne3+ 56. Ke1 Nf5 57. Qxc7+ Kb5 58. Qb7+ Kc5 59.
Qa7+ Kb4 60. Rb7+ Kc3 61. Qa3+ Kd4 62. Rb2 Qc1+ 63. Kf2 g5 64. Qa7+ Kd3 65.
Qa3+ Qc3 66. Qa1 Qd4+ 67. Kg2 Ne3+ 68. Kh1 c3 69. Rf2 Qb6 70. Qe1 Qd6 71. Re2
Qf4 72. Rf2 Kd4 73. Qa1 Qg3 74. Rd2+ Kc4 75. Qa4+ Kc5 76. Qa3+ Kc6 77. Qxc3+
Nc4 78. Rd3 Qxh3+ 79. Kg1 g4 80. f4 Qh6 81. Qd4 Qh7 82. Rb3 Qc2 83. Rc3 Qb1+
84. Kg2 Qf5 85. Kg3 g5 86. fxg5 Qxg5 87. Rb3 Qe5+ 88. Qxe5 Nxe5 89. Kf4 Nc4 90.
Kxg4 e5 91. Rg3 Kc5 92. Kf5 Kd4 93. Rg4+ e4 94. Ke6 Kd3 95. Rg3+ Ne3 96. Ke5
Kd2 97. Rh3 Ng2 98. Kxd5 Nf4+ 99. Kxe4 Nxh3 1/2-1/2

[Event "ICS rated blitz match"]
[Site "204.178.125.65"]
[Date "2000.07.26"]
[Round "?"]
[White "Hossa"]
[Black "Tinker"]
[Result "1-0"]
[WhiteElo "2479"]
[BlackElo "2510"]
[PlyCount "105"]
[EventDate "2000.??.??"]

1. d4 d5 2. c4 e6 3. Nc3 Nf6 4. Bg5 Bb4 5. e3 c6 6. Qb3 a5 7. c5 Nbd7 8. a3
Bxc3+ 9. bxc3 h6 10. Bh4 e5 11. c4 a4 12. Qb4 exd4 13. exd4 Qe7+ 14. Ne2 O-O
15. cxd5 cxd5 16. Bg3 Ne4 17. Bf4 Qf6 18. Rb1 Re8 19. Be3 Nb8 20. Qb2 Qd8 21.
Nf4 Qa5+ 22. Qb4 Qxb4+ 23. Rxb4 Nc6 24. Rb2 Nxd4 25. Nxd5 Rb8 26. Bc4 Nf5 27.
Bf4 Neg3+ 28. Kd1 Nxh1 29. Bxb8 Bd7 30. Bc7 Re4 31. Nb6 Bc6 32. Bd3 Rd4 33. Ke2
Be4 34. Bb1 Bxb1 35. Rxb1 Re4+ 36. Kf1 Nd4 37. Rb4 f5 38. f3 Re7 39. Nd5 Rxc7
40. Nxc7 Nb3 41. Kg1 Ng3 42. c6 bxc6 43. hxg3 c5 44. Rxa4 Nd2 45. Ra5 Nb3 46.
Rb5 c4 47. a4 g6 48. Rxb3 cxb3 49. Nb5 b2 50. Nc3 Kf7 51. a5 Ke6 52. a6 Ke5 53.
a7 {Tinker resigns} 1-0

[Event "ICS rated blitz match"]
[Site "204.178.125.65"]
[Date "2000.07.26"]
[Round "?"]
[White "Tinker"]
[Black "Hossa"]
[Result "1-0"]
[WhiteElo "2493"]
[BlackElo "2496"]
[PlyCount "115"]
[EventDate "2000.??.??"]

1. e4 c5 2. Nf3 e6 3. Nc3 Be7 4. d4 cxd4 5. Qxd4 Nf6 6. e5 Nc6 7. Qa4 Ng8 8.
Bd3 d5 9. O-O Bd7 10. Qg4 g6 11. Nb5 Qb8 12. Qg3 Nb4 13. Nd6+ Bxd6 14. exd6
Nxd3 15. cxd3 f6 16. Bf4 b6 17. Rac1 Qd8 18. Rc7 g5 19. Re1 Nh6 20. Qh3 Nf7 21.
Nd4 e5 22. Ne6 gxf4 23. Ng7+ Kf8 24. Rxd7 Kxg7 25. Rxd8 Raxd8 26. d7 d4 27.
Qg4+ Kf8 28. Rc1 f3 29. Qxf3 Ke7 30. Rc6 Nd6 31. Qg4 Rhf8 32. Rc7 Nb5 33. Rb7
Kd6 34. Qf5 Rf7 35. f4 Kc6 36. Qe6+ Nd6 37. Rxa7 Rdxd7 38. Ra4 h5 39. fxe5 fxe5
40. Rc4+ Kb7 41. Qd5+ Kb8 42. Ra4 Kc7 43. Qxe5 Rf5 44. Qxd4 Rdf7 45. g3 Kc6 46.
Ra6 Rf1+ 47. Kg2 Nc8 48. Ra8 Nd6 49. Rb8 R1f2+ 50. Kh3 Nc8 51. Qc4+ Kd6 52.
Rxc8 Rc2 53. Qxc2 Ke5 54. Rc6 Rf4 55. gxf4+ Kxf4 56. Qf2+ Ke5 57. Qf6+ Kd5 58.
Qd6# {Hossa checkmated} 1-0

[Event "ICS rated blitz match"]
[Site "204.178.125.65"]
[Date "2000.07.26"]
[Round "?"]
[White "Hossa"]
[Black "Tinker"]
[Result "1-0"]
[WhiteElo "2480"]
[BlackElo "2509"]
[PlyCount "123"]
[EventDate "2000.??.??"]

1. d4 d5 2. c4 e6 3. Nc3 Nf6 4. Bg5 Bb4 5. e3 c6 6. Qb3 Be7 7. Nf3 h6 8. Bxf6
Bxf6 9. Bd3 dxc4 10. Bxc4 b5 11. Be2 g5 12. a4 bxa4 13. Qxa4 Bb7 14. Ne4 Be7
15. Ne5 Qb6 16. O-O Nd7 17. Nxd7 Kxd7 18. Qc2 h5 19. Nc5+ Kd8 20. Nxb7+ Qxb7
21. Bf3 Kd7 22. Rfc1 Rac8 23. Bxc6+ Rxc6 24. Qxc6+ Qxc6 25. Rxa7+ Kd6 26. Rxc6+
Kxc6 27. Rxe7 Rb8 28. g3 Rxb2 29. Rxf7 g4 30. Kg2 Kd6 31. h3 gxh3+ 32. Kxh3 Rb5
33. Kg2 Kc6 34. Re7 Kd6 35. Rh7 Ra5 36. e4 Ra4 37. d5 Rxe4 38. dxe6 Kxe6 39.
Rxh5 Re2 40. Kf3 Rb2 41. Ra5 Kf6 42. Ke3 Rb3+ 43. Ke4 Rb4+ 44. Kd3 Ke6 45. f3
Rb3+ 46. Ke4 Rb4+ 47. Ke3 Rb3+ 48. Kf4 Rb4+ 49. Kg5 Rb8 50. Ra6+ Kd5 51. g4 Rf8
52. Rg6 Ra8 53. f4 Ra7 54. Rb6 Kc5 55. Rb1 Kd4 56. Re1 Rf7 57. Kg6 Rf8 58. g5
Kc3 59. f5 Rb8 60. f6 Rb6 61. Kg7 Kc2 62. Re3 {Tinker resigns} 1-0

[Event "ICS rated standard match"]
[Site "204.178.125.65"]
[Date "2000.07.26"]
[Round "?"]
[White "Hossa"]
[Black "BeastFromDaEast"]
[Result "1-0"]
[WhiteElo "2234"]
[BlackElo "2307"]
[PlyCount "61"]
[EventDate "2000.??.??"]

1. d4 c5 2. d5 e6 3. e4 exd5 4. exd5 d6 5. Nf3 g6 6. Bb5+ Bd7 7. Bxd7+ Nxd7 8.
O-O Bg7 9. Re1+ Ne7 10. Qe2 Ne5 11. Ng5 h6 12. Nh3 g5 13. f4 gxf4 14. Nxf4 N5g6
15. Nxg6 fxg6 16. Qe6 g5 17. Qg6+ Kf8 18. Rf1+ Kg8 19. Qe6+ Kh7 20. Rf7 Re8 21.
Qf6 Rg8 22. Rxe7 Kh8 23. Qf7 Qf8 24. Qxf8 Rgxf8 25. c3 b5 26. Na3 b4 27. Nb5
bxc3 28. bxc3 a6 29. Nxd6 Bxc3 30. Rb1 Bg7 31. Be3 1-0

[Event "ICS rated standard match"]
[Site "204.178.125.65"]
[Date "2000.07.26"]
[Round "?"]
[White "BeastFromDaEast"]
[Black "Hossa"]
[Result "0-1"]
[WhiteElo "2125"]
[BlackElo "2237"]
[PlyCount "52"]
[EventDate "2000.??.??"]

1. e4 c5 2. Nf3 g6 3. c3 d5 4. exd5 Qxd5 5. d4 Bg7 6. Bf4 Nd7 7. Be2 Ngf6 8.
O-O O-O 9. Nbd2 Qf5 10. Bg3 cxd4 11. Nxd4 Qa5 12. Nc4 Qd5 13. b3 e5 14. Bf3 Qc5
15. Nc2 Nb6 16. Bxe5 Nxc4 17. Bxf6 Bxf6 18. bxc4 Qxc4 19. Ne3 Qxc3 20. Nd5 Qxa1
21. Ne7+ Kg7 22. Qxa1 Bxa1 23. Rxa1 Rb8 24. Nxc8 Rfxc8 25. g3 Rc2 26. a4 b6 0-1

[Event "ICS rated standard match"]
[Site "204.178.125.65"]
[Date "2000.07.26"]
[Round "?"]
[White "Hossa"]
[Black "JudgeTurpin"]
[Result "1-0"]
[WhiteElo "2240"]
[BlackElo "2355"]
[PlyCount "189"]
[EventDate "2000.??.??"]

1. d4 d5 2. Nf3 Nf6 3. e3 Bf5 4. Bd3 Bxd3 5. cxd3 e6 6. Nc3 c6 7. O-O Nbd7 8.
e4 Qc7 9. Qc2 Be7 10. e5 Ng4 11. h3 Nh6 12. Bxh6 gxh6 13. Qc1 Bf8 14. Qf4 Rg8
15. Rfc1 Qd8 16. Re1 Rg6 17. h4 h5 18. Qd2 Rg4 19. g3 a5 20. Qc2 Qc7 21. a3 Qb6
22. Ne2 Bh6 23. b4 Qa6 24. bxa5 Qxa5 25. a4 Qc7 26. Reb1 Rg6 27. Nc3 Bf8 28. a5
Be7 29. Ne2 Qc8 30. Nf4 Rg4 31. Nxh5 Rg6 32. Nf4 Rg8 33. Ra2 Bd8 34. Qd2 Rg7
35. h5 Rg4 36. h6 Be7 37. Ng2 Bd8 38. Rb3 Bc7 39. Qc3 Ra6 40. Nf4 Qa8 41. Rba3
Bd8 42. Nh5 Be7 43. Ng7+ Kd8 44. Rb3 b6 45. Kg2 Rxa5 46. Rxa5 bxa5 47. Kh3 Rg6
48. Qd2 a4 49. Rb1 Qa6 50. Rc1 c5 51. Kg2 a3 52. Qf4 f5 53. dxc5 Bxc5 54. Ng5
a2 55. d4 Nf8 56. dxc5 a1=Q 57. Rxa1 Qxa1 58. Qb4 Rxg5 59. Qb8+ Kd7 60. Qd6+
Kc8 61. Qxf8+ Kb7 62. Qe7+ Ka6 63. Qxg5 Qxe5 64. Qe3 Qxe3 65. fxe3 e5 66. Ne6
Kb5 67. Ng5 d4 68. exd4 exd4 69. Kf3 Kxc5 70. Nxh7 d3 71. Ke3 d2 72. Kxd2 Kd5
73. Nf6+ Ke5 74. Ng4+ fxg4 75. h7 Kd6 76. Kd3 Kd5 77. Ke3 Ke6 78. Ke4 Kd7 79.
Kd5 Kc8 80. Kd6 Kb7 81. Kc5 Kc7 82. Kd4 Kd6 83. Kc4 Kd7 84. Kd3 Kd6 85. Kd4 Ke7
86. Kd5 Kf6 87. h8=R Kf7 88. Rh7+ Kg6 89. Rd7 Kf6 90. Ra7 Kf5 91. Ra6 Kg5 92.
Ke5 Kh5 93. Kf6 Kh6 94. Ra7 Kh5 95. Rh7# 1-0

[Event "ICS rated standard match"]
[Site "204.178.125.65"]
[Date "2000.07.26"]
[Round "?"]
[White "Y-ElGhazali"]
[Black "Hossa"]
[Result "1-0"]
[WhiteElo "2234"]
[BlackElo "2261"]
[PlyCount "125"]
[EventDate "2000.??.??"]

1. Nf3 d5 2. g3 Nf6 3. Bg2 Bf5 4. O-O e6 5. c4 dxc4 6. Qa4+ Nbd7 7. Nc3 c6 8.
Qxc4 Nb6 9. Qb3 Bd6 10. d3 O-O 11. a4 Qc7 12. h3 e5 13. e4 Be6 14. Qc2 Rfd8 15.
a5 Nbd7 16. a6 Nc5 17. Be3 Nxa6 18. d4 Nd7 19. dxe5 Nxe5 20. Nxe5 Bxe5 21. f4
Nb4 22. Qe2 Bxc3 23. bxc3 Nd3 24. Bd4 Bc4 25. Qg4 Rxd4 26. cxd4 Qd6 27. Kh2
Qxd4 28. Rfd1 f6 29. Ra3 b5 30. Rd2 b4 31. Raxd3 Bxd3 32. Bf1 Qxe4 33. Rxd3 g5
34. Rd7 Rf8 35. Bd3 Qe3 36. Bxh7+ Kh8 37. Bd3 Qf2+ 38. Kh1 Qe1+ 39. Kg2 Qe8 40.
Rd8 f5 41. Rxe8 fxg4 42. Rxf8+ Kg7 43. Ra8 gxh3+ 44. Kxh3 gxf4 45. gxf4 a6 46.
Kg4 c5 47. Rxa6 Kf8 48. Ra7 Ke8 49. f5 c4 50. Bxc4 Kd8 51. f6 Kc8 52. f7 Kb8
53. Re7 Ka8 54. f8=B Kb8 55. Rd7 Kc8 56. Be6 Kb8 57. Bd6+ Kc8 58. Ra7+ Kd8 59.
Be7+ Ke8 60. Kf5 b3 61. Kf6 b2 62. Rb7 b1=N 63. Bf7# {Hossa checkmated} 1-0

[Event "ICS rated blitz match"]
[Site "204.178.125.65"]
[Date "2000.07.26"]
[Round "?"]
[White "rfurdzik"]
[Black "Hossa"]
[Result "0-1"]
[WhiteElo "2336"]
[BlackElo "2497"]
[PlyCount "100"]
[EventDate "2000.??.??"]

1. e4 c5 2. d3 e6 3. Qe2 d6 4. Nf3 Nf6 5. g3 Be7 6. Bg2 Nc6 7. O-O O-O 8. c3 b5
9. d4 cxd4 10. cxd4 Qb6 11. Rd1 b4 12. Bf4 Ba6 13. Qe1 Rfe8 14. a3 Rac8 15. e5
dxe5 16. dxe5 Nd5 17. Bd2 Bd3 18. Be3 Nxe3 19. Qxe3 Qxe3 20. fxe3 Be2 21. Rc1
Bxf3 22. Bxf3 Nxe5 23. Rxc8 Rxc8 24. Be2 Rc2 25. Kf1 Rc1+ 26. Kf2 bxa3 27. bxa3
Bf6 28. Ra2 Rxb1 29. Rc2 g5 30. Rc8+ Kg7 31. Rc7 a5 32. Rc5 a4 33. Ra5 Ra1 34.
Rxa4 Be7 35. Ra7 Bxa3 36. Rb7 Bd6 37. h3 Rh1 38. Kg2 Rc1 39. Bb5 Rc2+ 40. Kf1
g4 41. h4 Nf3 42. Be2 Bxg3 43. Rd7 Nh2+ 44. Kg2 Be5 45. Kf2 g3+ 46. Kg2 Rxe2+
47. Kh3 g2 48. Rd1 Nf1 49. Rxf1 gxf1=Q+ 50. Kg4 Qf5# {rfurdzik checkmated} 0-1

[Event "ICS rated blitz match"]
[Site "204.178.125.65"]
[Date "2000.07.26"]
[Round "?"]
[White "Hossa"]
[Black "rfurdzik"]
[Result "1-0"]
[WhiteElo "2506"]
[BlackElo "2327"]
[PlyCount "115"]
[EventDate "2000.??.??"]

1. d4 Nf6 2. c4 e6 3. Nc3 d5 4. e3 c5 5. cxd5 Nxd5 6. dxc5 Bxc5 7. Nge2 Nxc3 8.
Qxd8+ Kxd8 9. Nxc3 Nc6 10. Bd2 Ke7 11. O-O-O Rd8 12. Ne4 Bb4 13. Bxb4+ Nxb4 14.
Rxd8 Kxd8 15. a3 Nc6 16. Be2 Ke7 17. Rd1 Bd7 18. b3 Rc8 19. Nd6 Rc7 20. Kb2 e5
21. Nb5 Rc8 22. Rxd7+ Kxd7 23. Bg4+ Kd8 24. Bxc8 Kxc8 25. Nd6+ Kc7 26. Nxf7 h6
27. b4 a6 28. g4 Kd7 29. g5 h5 30. Nh8 Ke6 31. f3 Ne7 32. Kc3 Kf5 33. Nf7 b5
34. Kd3 Nc6 35. h4 Ke6 36. Nh8 Ne7 37. Ke4 Nd5 38. Ng6 Nc3+ 39. Kd3 Nb1 40. f4
exf4 41. Nxf4+ Kf7 42. Nxh5 Nxa3 43. Nf4 Nc4 44. h5 Ne5+ 45. Ke4 Nc6 46. Nd5 a5
47. bxa5 Nxa5 48. g6+ Kf8 49. Ke5 Nc4+ 50. Kd4 Nd6 51. Kc5 Ne4+ 52. Kxb5 Ng3
53. Kc6 Nxh5 54. Kd7 Nf6+ 55. Nxf6 gxf6 56. Ke6 Kg7 57. Kf5 Kg8 58. Kxf6 {
rfurdzik resigns} 1-0

[Event "ICS rated blitz match"]
[Site "204.178.125.65"]
[Date "2000.07.26"]
[Round "?"]
[White "rfurdzik"]
[Black "Hossa"]
[Result "0-1"]
[WhiteElo "2319"]
[BlackElo "2514"]
[PlyCount "99"]
[EventDate "2000.??.??"]

1. e4 c5 2. d3 e6 3. g3 d5 4. Nd2 Nc6 5. Bg2 Nf6 6. Ngf3 Be7 7. O-O O-O 8. e5
Ng4 9. Re1 Qc7 10. Qe2 f6 11. exf6 Bxf6 12. h3 Nge5 13. c4 Nxf3+ 14. Nxf3 Qf7
15. Be3 b6 16. Rad1 Bd7 17. d4 Rab8 18. b3 cxd4 19. Nxd4 Rbd8 20. cxd5 exd5 21.
Nxc6 Bxc6 22. Bd4 Bxd4 23. Rxd4 Rde8 24. Qd2 Rxe1+ 25. Qxe1 a6 26. Qd2 Rd8 27.
h4 Qe6 28. Kh2 Qf5 29. Rf4 Qc8 30. Qd4 Qb7 31. Bh3 Re8 32. h5 h6 33. Bf1 Re1
34. Bd3 Re7 35. Rg4 Bd7 36. Rg6 Be6 37. Qe5 Qd7 38. Qf4 b5 39. Qxh6 Bf5 40. Qd2
Bxg6 41. Bxg6 Qd6 42. Qc2 Rc7 43. Qe2 Rc8 44. Qd3 d4 45. h6 gxh6 46. Bh7+ Kg7
47. Bf5 Rc1 48. Bh7 Re1 49. Be4 Qe5 50. Qf3 {rfurdzik resigns} 0-1

[Event "ICS rated blitz match"]
[Site "204.178.125.65"]
[Date "2000.07.26"]
[Round "?"]
[White "Hossa"]
[Black "rfurdzik"]
[Result "1-0"]
[WhiteElo "2522"]
[BlackElo "2311"]
[PlyCount "84"]
[EventDate "2000.??.??"]

1. d4 Nf6 2. c4 e6 3. Nc3 d5 4. e3 c5 5. cxd5 Nxd5 6. dxc5 Nxc3 7. Qxd8+ Kxd8
8. bxc3 Bxc5 9. Nf3 Nc6 10. Bd3 Ke7 11. Bb2 e5 12. Ng5 f6 13. Ne4 Bd6 14. O-O-O
Bc7 15. Ba3+ Kf7 16. Nd6+ Bxd6 17. Bc4+ Be6 18. Bxe6+ Kxe6 19. Rxd6+ Kf5 20.
Rd7 Rhd8 21. Rxg7 Rd3 22. Bb2 Na5 23. g4+ Ke4 24. Rxh7 Rad8 25. Rf7 R8d6 26. h4
Nc4 27. Rxb7 Rd2 28. Rb4 Kd3 29. Rd1 Rxd1+ 30. Kxd1 Nxb2+ 31. Rxb2 Kxc3+ 32.
Kc1 e4 33. h5 Rd8 34. Rc2+ Kb4 35. Rc6 Rg8 36. Rxf6 Rxg4 37. Kb2 a5 38. Rf4 Rg2
39. Rxe4+ Kb5 40. Rf4 a4 41. Ka3 Rh2 42. Rf5+ Kb6 {rfurdzik resigns} 1-0

[Event "ICS rated standard match"]
[Site "204.178.125.65"]
[Date "2000.07.26"]
[Round "?"]
[White "Hossa"]
[Black "dive"]
[Result "1-0"]
[WhiteElo "2244"]
[BlackElo "2100"]
[PlyCount "39"]
[EventDate "2000.??.??"]

1. d4 Nf6 2. c4 g6 3. Nc3 Bg7 4. e4 d6 5. Be2 O-O 6. Nf3 Nbd7 7. O-O c6 8. b4
Qc7 9. Qc2 Re8 10. Bg5 e5 11. d5 Nf8 12. a4 h5 13. a5 a6 14. h3 N6h7 15. Be3 f5
16. c5 f4 17. cxd6 Qxd6 18. Bc5 Qf6 19. Bc4 g5 20. dxc6+ 1-0

[Event "ICS Rated standard match"]
[Site "204.178.125.65"]
[Date "2000.07.26"]
[Round "?"]
[White "Hossa"]
[Black "Falke"]
[Result "0-1"]
[WhiteElo "2244"]
[BlackElo "2387"]
[PlyCount "100"]
[EventDate "2000.??.??"]

1. e4 e5 2. Nf3 Nf6 3. Nxe5 d6 4. Nf3 Nxe4 5. c4 Be7 6. d4 O-O 7. Bd3 d5 8. O-O
Nc6 9. cxd5 Qxd5 10. Re1 Nf6 11. Nc3 Qd6 12. Bg5 Bg4 13. Nb5 Qd7 14. h3 Bxf3
15. Qxf3 a6 16. Rxe7 Nxe7 17. Bxf6 gxf6 18. Qg3+ Ng6 19. Nxc7 Rac8 20. Rc1 Qxd4
21. Bf5 Qxb2 22. Rb1 Qxa2 23. h4 Rb8 24. h5 Qa5 25. hxg6 Qxf5 26. gxh7+ Kh8 27.
Rc1 Qg5 28. Qa3 Rfd8 29. Qc3 Rbc8 30. Re1 Rd7 31. Re8+ Rxe8 32. Nxe8 Rd1+ 33.
Kh2 Qh4+ 34. Qh3 Qxf2 35. Nxf6 Qf4+ 36. Qg3 Rh1+ 37. Kxh1 Qxg3 38. Nd7 Kxh7 39.
Nf6+ Kh6 40. Nd7 b5 41. Kg1 b4 42. Nb6 b3 43. Na4 Qe1+ 44. Kh2 Qh4+ 45. Kg1
Qxa4 46. Kf2 b2 47. g4 Qf4+ 48. Ke2 Kg5 49. Kd3 b1=Q+ 50. Kc3 Qfb4# {
Hossa checkmated} 0-1